000 00204nam a2200073Ia 4500
008 170817s9999 xx 000 0 und d
100 _aSharma.Kusum
245 0 _aDevelopment Of Educational System In India
260 _bRadha Prakashan Agra
999 _c39341
_d39341